000 00597nam a2200229Ia 4500
003 OSt
005 20220928102141.0
006 a|||||r|||| 00| 0
007 ta
008 220927b |||||||| |||| 00| 0 eng d
024 _a56316
037 _cTextual
040 _aSDCL
_cSDCL
_beng
041 _2eng
_aeng
082 _aO152,3N385x, N6
100 _aChandrakanta
_9396826
245 0 _aCharchit kahaniyan.
260 _aNew Delhi
_bSamayik Prakashan
_c1996
300 _a144p
_ccm.
942 _hO152,3N385x, N6
_cTEXL
_2CC
999 _c712588
_d712588